Counterexamples in topology / (Record no. 8526)

MARC details
000 -LEADER
fixed length control field 01123pam a2200289 a 4500
001 - CONTROL NUMBER
control field 4450963
003 - CONTROL NUMBER IDENTIFIER
control field OSt
005 - DATE AND TIME OF LATEST TRANSACTION
control field 20240617110812.0
008 - FIXED-LENGTH DATA ELEMENTS--GENERAL INFORMATION
fixed length control field 950327r19951978nyua b 001 0 eng
010 ## - LIBRARY OF CONGRESS CONTROL NUMBER
LC control number 95012763
020 ## - INTERNATIONAL STANDARD BOOK NUMBER
International Standard Book Number 048668735X (pbk.)
040 ## - CATALOGING SOURCE
Original cataloging agency MUST LIB
Transcribing agency MUST
Modifying agency MUST
050 00 - LIBRARY OF CONGRESS CALL NUMBER
Classification number QA611.3
Item number .S74 1995
082 00 - DEWEY DECIMAL CLASSIFICATION NUMBER
Classification number 514.4
Edition number 20
Item number STE
100 1# - MAIN ENTRY--PERSONAL NAME
Personal name Steen, Lynn Arthur,
Dates associated with a name 1941-
9 (RLIN) 15920
245 10 - TITLE STATEMENT
Title Counterexamples in topology /
Statement of responsibility, etc. Lynn Arthur Steen and J. Arthur Seebach, Jr.
260 ## - PUBLICATION, DISTRIBUTION, ETC. (IMPRINT)
Place of publication, distribution, etc. New York :
Name of publisher, distributor, etc. Dover Publications,
Date of publication, distribution, etc. 1995.
300 ## - PHYSICAL DESCRIPTION
Extent xi, 244 p. :
Other physical details ill. ;
Dimensions 22 cm.
500 ## - GENERAL NOTE
General note Originally published: 2nd ed. New York : Springer-Verlag, 1978.
504 ## - BIBLIOGRAPHY, ETC. NOTE
Bibliography, etc Includes bibliographical references (p. 228-235) and index.
650 #0 - SUBJECT ADDED ENTRY--TOPICAL TERM
Topical term or geographic name as entry element Topological spaces.
9 (RLIN) 10309
700 1# - ADDED ENTRY--PERSONAL NAME
Personal name Seebach, J. Arthur.
9 (RLIN) 17317
856 42 - ELECTRONIC LOCATION AND ACCESS
Materials specified Publisher description
Uniform Resource Identifier http://www.loc.gov/catdir/description/dover032/95012763.html
906 ## - LOCAL DATA ELEMENT F, LDF (RLIN)
a 7
b cbc
c orignew
d 1
e ocip
f 19
g y-gencatlg
942 ## - ADDED ENTRY ELEMENTS (KOHA)
Source of classification or shelving scheme Dewey Decimal Classification
Koha item type Book
Holdings
Withdrawn status Lost status Source of classification or shelving scheme Damaged status Not for loan Home library Current library Date acquired Source of acquisition Inventory number Total Checkouts Full call number Barcode Date last seen Price effective from Koha item type
    Dewey Decimal Classification     MUST Main Library MUST Main Library 17/06/2024 Purchase 04/22755   514.4 STE 2024-20619 17/06/2024 17/06/2024 Book